Statistics for Interstellar bodies quiz

Click here to take the quiz!

General Stats

  • This quiz has been taken 8 times
  • The average score is 5 of 6

Answer Stats

HintAnswer% Correct
A system that contains planets and moons orbiting the above{Solar} System
100%
Usually spiral thing that has billions of starsGalaxy
88%
A ball of rock or gas.Planet
75%
A massive ball of plasmaStar
75%
Everything that we know ofUniverse
75%
A huge cloud of gas and dust in spaceNebula
50%

Score Distribution

Percentile by Number Answered

Percent of People with Each Score

Your Score History

You have not taken this quiz